Loading...
Science - Other Science | 5 | 2 | 0 | 2 | 95 | 33 | 72.14 | 4 | 7 |
Literature - European Literature | 1 | 4 | 0 | 2 | 55 | 65 | 116.60 | 3 | 5 |
Fine Arts - Visual Fine Arts | 2 | 4 | 3 | 1 | 55 | 62 | 95.00 | 4 | 6 |
Literature - World Literature | 0 | 4 | 0 | 0 | 40 | 102 | 111.75 | 2 | 4 |
Philosophy | 1 | 2 | 0 | 0 | 35 | 79 | 95.33 | 1 | 3 |
Science - Physics | 1 | 1 | 0 | 0 | 25 | 53 | 72.50 | 0 | 2 |
Social Science | 1 | 1 | 1 | 0 | 20 | 71 | 91.50 | 0 | 2 |
Literature - American Literature | 0 | 2 | 0 | 0 | 20 | 114 | 122.00 | 0 | 2 |
Literature - British Literature | 1 | 1 | 1 | 0 | 20 | 47 | 81.50 | 1 | 2 |
Religion | 0 | 2 | 0 | 0 | 20 | 121 | 134.50 | 0 | 2 |
Science - Chemistry | 0 | 1 | 0 | 0 | 10 | 104 | 104.00 | 0 | 1 |
History - American History | 0 | 1 | 0 | 1 | 10 | 102 | 102.00 | 1 | 1 |
Fine Arts - Auditory Fine Arts | 0 | 1 | 0 | 1 | 10 | 142 | 142.00 | 0 | 1 |
Current Events | 0 | 1 | 0 | 0 | 10 | 100 | 100.00 | 0 | 1 |